| 000 | 02081cam a2200349 i 4500 | ||
|---|---|---|---|
| 001 | 991107444483906196 | ||
| 005 | 20251013161456.0 | ||
| 008 | 240529t20242021nyu g 000 f eng d | ||
| 010 | _a2024023872 | ||
| 020 | _a9781250322043 | ||
| 024 | 4 | 0 | _a90100708955 |
| 035 |
_a(OCoLC)1436521271 _z(OCoLC)1375542311 _z(OCoLC)1455331413 |
||
| 035 | _a(OCoLC)on1436521271 | ||
| 040 | _ctbs | ||
| 041 | 1 |
_aeng _hice |
|
| 050 | 0 | 0 |
_aPT7513 .H52 _bM9713 2024 |
| 100 |
_aKnútsdóttir, Hildur _d1984- _eauthor _926131 |
||
| 240 | 1 | 0 |
_aMyrkrið milli stjarnanna. _lEnglish. |
| 245 | 1 | 4 |
_aThe night guest _c/ Hildur Knútsdóttir ; translated by Mary Robinette Kowal. |
| 250 | _aFirst U.S. edition. | ||
| 260 |
_aNew York, NY : _bA Nightfire Book, published by Tom Doherty Associates/Tor Publishing Group, _c2024. |
||
| 300 |
_a194 pages ; _c21 cm |
||
| 520 | _aHildur Knútsdóttir's The Night Guest is an eerie and ensnaring story set in contemporary Reykjavík that's sure to keep you awake at night. Iðunn is in yet another doctor's office. She knows her constant fatigue is a sign that something's not right, but practitioners dismiss her symptoms and blood tests haven't revealed any cause. When she talks to friends and family about it, the refrain is the same--have you tried eating better? Exercising more? Establishing a nighttime routine? She tries to follow their advice, buying everything from vitamins to sleeping pills to a step-counting watch. Nothing helps. Until one night Iðunn falls asleep with the watch on, and wakes up to find she's walked over 40,000 steps in the night . . . What is happening when she's asleep? Why is she waking up with increasingly disturbing injuries? And why won't anyone believe her? | ||
| 546 | _aIn English, translated from the Icelandic. | ||
| 650 | 0 |
_aSleep disorders _vFiction _926117 |
|
| 650 | 0 |
_aWomen _vFiction _911136 |
|
| 650 | 0 |
_aSleepwalking _vFiction _926132 |
|
| 655 | 0 |
_aHorror fiction _922808 |
|
| 655 | 0 |
_aPsychological fiction _922456 |
|
| 700 |
_aKowal, Mary Robinette _d1969- _etranslator _926133 |
||
| 942 | _2lcc | ||
| 999 |
_c5038 _d5038 |
||